| 000 | 00958nam a22002897a 4500 | ||
|---|---|---|---|
| 001 | 395 | ||
| 003 | FISKH | ||
| 005 | 20231009093151.0 | ||
| 008 | 230406b cb ||||| |||| 00| 0 eng d | ||
| 010 | _a 2009022830 | ||
| 040 |
_aDLC _cDLC _dDLC _dFISKH _beng |
||
| 043 | _af------ | ||
| 050 | 0 | 0 |
_aQL336 _b.T83 2010 |
| 082 | 0 | 0 |
_a591.96 _222 |
| 100 | 1 | _aTuchman, Gail. | |
| 245 | 1 | 0 |
_aSafari / _cGail Tuchman. |
| 260 |
_aWashington, D.C. : _bNational Geographic, _c2010. |
||
| 300 |
_a24 p. : _bcol. ill. ; _c23 cm. |
||
| 505 | _aD | ||
| 521 | 8 |
_a180
_bLexile |
|
| 521 | 8 |
_aD
_bRaz-Plus |
|
| 650 | 0 |
_aAnimals _zAfrica _vJuvenile literature. |
|
| 650 | 0 |
_aSafaris _zAfrica _vJuvenile literature. |
|
| 906 |
_a7 _bcbc _corignew _d1 _eecip _f20 _gy-gencatlg |
||
| 942 |
_2ddc _cBK _n0 |
||
| 999 |
_c395 _d395 |
||